00728nam a2200217Ia 450000500170000000800410001702000290005804000190008704100120010608200190011810000200013724501580015726000370031530000160035263000220036863000260039065000230041665100420043970000190048185000100050020230522113025.0140110s9999 xx 000 0 und d a9780140432213cRs 250.00 aLoreto College aEnglish a824.6bJOH-LEV aJohnson, Samuel 2aA journey to the western islands of ScotlandbJames Boswell : The journal of a tour to the HebridescEdited with an introduction and notes by Peter Levi aLondonbPenguin Books Ltd.c1984 a429pgbmaps aEssays in English aLiterature in English aJournal in English aThe journal of a tour to the Hebrides aBoswell, James aLCLIB